000 01622cam a22003134a 4500
999 _c26807
_d26807
001 14888276
003 OSt
005 20170206120943.0
008 070612s2008 azua b 001 0 eng
010 _a 2007023929
020 _a9781890871819
020 _a1890871818
040 _aDLC
_cDLC
_dDLC
050 0 0 _aQP301
_b.I65 2008
082 0 0 _a612/.044
_222
245 0 0 _aIntroduction to exercise science /
_cedited by Terry J. Housh, Dona J. Housh, Glen Johnson.
250 _a3rd ed.
260 _aScottsdale, Ariz. :
_bHolcomb Hathaway Publishers,
_cc2008.
300 _axv, 288 p. :
_bill. ;
_c28 cm.
504 _aIncludes bibliographical references and index.
505 0 _aIntroduction -- History of exercise science -- Reading and interpreting the literature in exercise science -- Measurement in exercise science -- Anatomy in exercise science -- Exercise physiology -- Epidemiology -- Athletic training -- Exercise and sport nutrition -- Biomechanics -- Motor control and motor learning -- Exercise and sport psychology.
650 0 _aExercise
_vTextbooks.
650 0 _aSports sciences
_xVocational guidance.
700 1 _aHoush, Terry J.
700 1 _aHoush, Dona J.
700 1 _aJohnson, Glen O.
_q(Glen Oliver),
_d1938-
856 4 1 _3Table of contents only
_uhttp://www.loc.gov/catdir/toc/ecip0720/2007023929.html
906 _a7
_bcbc
_corignew
_d1
_eecip
_f20
_gy-gencatlg
942 _2lcc
_cBOOKS
_hQP 301 .I65 2008